000 00559nam a2200205Ia 4500
008 241004s9999 xx 000 0 und d
020 _a9781350185524
037 _aTextbook
040 _aARTS
_beng
_cARTS
041 _aeng
_2eng
084 _aR5 R1
_qARTS
100 _aHerzogenrath Bernd Ed.
_9596685
245 _aPractical aesthetics
_cHerzogenrath Bernd Ed.
260 _aUK
_b Bloomsbury Academic
_c2022
300 _aviii,268p.
365 _aUKP
_b28.99
650 _aPhilosophy
942 _cTB
_hR5 R1
999 _c1218797
_d1218797